Genetics : a human perspective
Gorde:
| Egile nagusia: | |
|---|---|
| Formatua: | Liburua |
| Hizkuntza: | Undetermined |
| Argitaratua: |
Dubuque, Iowa
W.C. Brown Publishers
c1995
|
| Gaiak: | |
| Etiketak: |
Etiketa erantsi
Etiketarik gabe, Izan zaitez lehena erregistro honi etiketa jartzen!
|
| Thư viện lưu trữ: | Trung tâm Học liệu Trường Đại học Cần Thơ |
|---|
| LEADER | 00533nam a2200193Ia 4500 | ||
|---|---|---|---|
| 001 | CTU_127256 | ||
| 008 | 210402s9999 xx 000 0 und d | ||
| 082 | |a 575.1 | ||
| 082 | |b M463 | ||
| 100 | |a Maxson, Linda R. | ||
| 245 | 0 | |a Genetics : | |
| 245 | 2 | |b a human perspective | |
| 245 | 0 | |c Linda R. Maxson, Charles H. Daugherty | |
| 260 | |a Dubuque, Iowa | ||
| 260 | |b W.C. Brown Publishers | ||
| 260 | |c c1995 | ||
| 650 | |a Human genetics,Genetics | ||
| 904 | |i Hiếu | ||
| 980 | |a Trung tâm Học liệu Trường Đại học Cần Thơ | ||